O espiritismo e suas disputas: Fernando do Ó e Denizard Souza no campo religioso brasileiro

Este artigo trata do posicionamento de Fernando Souza do Ó e Denizard Souza, importantes intelectuais espíritas da cidade de Santa Maria, frente à noção de identidade espírita entre 1945-1950. Tendo por base a pesquisa no Jornal A Razão e Diário do Interior, o objetivo é examinar a relação estabelec...

Full description

Saved in:  
Bibliographic Details
Subtitles:El espiritismo y sus disputas: Fernando do Ó y Denizard Souza en el campo religioso brasileño
Spiritism and its disputes: Fernando do Ó and Denizard Souza in the Brazilian religious field
Main Author: Santos Mattos, Renan (Author)
Format: Electronic Article
Language:Portuguese
Check availability: HBZ Gateway
Interlibrary Loan:Interlibrary Loan for the Fachinformationsdienste (Specialized Information Services in Germany)
Published: [2020]
In: Revista Brasileira de História das Religiões
Year: 2020, Volume: 13, Issue: 38, Pages: 215-239
Standardized Subjects / Keyword chains:B Ó, Fernando Souza do 1895- / Souza, Denizard da Silva e 1924-2010 / Santa Maria (Bundesstaat Rio Grande do Sul) / Spiritism / Religion / History 1945-1950
IxTheo Classification:AG Religious life; material religion
AZ New religious movements
KBR Latin America
ZG Media studies; Digital media; Communication studies
Further subjects:B Santa María
B Espiritismo
B Identidad
B Spiritism
B Identity
B Identidade
B Santa Maria
Online Access: Volltext (doi)
Volltext (kostenfrei)

MARC

LEADER 00000caa a22000002c 4500
001 1741608732
003 DE-627
005 20220727170953.0
007 cr uuu---uuuuu
008 201201s2020 xx |||||o 00| ||por c
024 7 |a 10.4025/rbhranpuh.v13i38.51984  |2 doi 
035 |a (DE-627)1741608732 
035 |a (DE-599)KXP1741608732 
040 |a DE-627  |b ger  |c DE-627  |e rda 
041 |a por 
084 |a 0  |2 ssgn 
100 1 |a Santos Mattos, Renan  |e VerfasserIn  |4 aut 
245 1 2 |a O espiritismo e suas disputas  |b Fernando do Ó e Denizard Souza no campo religioso brasileiro 
246 3 3 |a Spiritism and its disputes: Fernando do Ó and Denizard Souza in the Brazilian religious field 
246 3 3 |a El espiritismo y sus disputas: Fernando do Ó y Denizard Souza en el campo religioso brasileño 
264 1 |c [2020] 
336 |a Text  |b txt  |2 rdacontent 
337 |a Computermedien  |b c  |2 rdamedia 
338 |a Online-Ressource  |b cr  |2 rdacarrier 
520 |a Este artigo trata do posicionamento de Fernando Souza do Ó e Denizard Souza, importantes intelectuais espíritas da cidade de Santa Maria, frente à noção de identidade espírita entre 1945-1950. Tendo por base a pesquisa no Jornal A Razão e Diário do Interior, o objetivo é examinar a relação estabelecida entre diferentes vertentes religiosas, tentando afirmar a identidade como totalmente de acorde com a representação da nação em disputa no presente momento. 
520 |a This article deals with the positioning of Fernando Souza do Ó and Denizard Souza, important intellectual spiritists of the city of Santa Maria, in front of the notion of spiritist identity, between 1945-1950. Based on the research in the newspaper A Razão and Diário do Interior, the objective is to examine the relationship established between the spiritists and the different religious aspects, pointing to the religious modernization, trying to affirm the identity as totally in agreement with the representation of the nation and the state in dispute at the present time. 
520 |a Este artículo aborda la posición de Fernando Souzado Ó y Denizard Souza, importantes intelectuales espiritistas de la ciudad de Santa María, frente a la noción de identidad espiritista entre 1945-1950. Basado en la investigación en el periódico A Razão y Diário do Interior, el objetivo es examinar la relación establecida entre diferentes religioes, tratando de afirmar la identidad como totalmente deacuerdo con la representación de la nación en disputa en el momento actual. 
650 4 |a Espiritismo 
650 4 |a Identidad 
650 4 |a Identidade 
650 4 |a Identity 
650 4 |a Santa María 
650 4 |a Santa Maria 
650 4 |a Spiritism 
652 |a AG:AZ:KBR:ZG 
689 0 0 |d p  |0 (DE-588)1263716830  |0 (DE-627)1811835309  |2 gnd  |a Ó, Fernando Souza do  |d 1895- 
689 0 1 |d p  |0 (DE-588)1263717357  |0 (DE-627)1811836178  |2 gnd  |a Souza, Denizard da Silva e  |d 1924-2010 
689 0 2 |d g  |0 (DE-588)220452-6  |0 (DE-627)707936667  |0 (DE-576)190795417  |2 gnd  |a Santa Maria  |g Bundesstaat Rio Grande do Sul 
689 0 3 |d s  |0 (DE-588)4056293-1  |0 (DE-627)106155156  |0 (DE-576)209117222  |2 gnd  |a Spiritismus 
689 0 4 |d s  |0 (DE-588)4049396-9  |0 (DE-627)106187155  |0 (DE-576)209081880  |2 gnd  |a Religion 
689 0 5 |q z  |2 gnd  |a Geschichte 1945-1950 
689 0 |5 (DE-627) 
773 0 8 |i Enthalten in  |t Revista Brasileira de História das Religiões  |d Maringá : Universidade Estadual de Maringá, 2008  |g 13(2020), 38, Seite 215-239  |h Online-Ressource  |w (DE-627)688608809  |w (DE-600)2654441-6  |w (DE-576)361845626  |x 1983-2850  |7 nnas 
773 1 8 |g volume:13  |g year:2020  |g number:38  |g pages:215-239 
856 4 0 |u http://www.periodicos.uem.br/ojs/index.php/RbhrAnpuh/article/view/51984  |x Verlag  |z kostenfrei  |3 Volltext  |7 0 
856 |u https://doi.org/10.4025/rbhranpuh.v13i38.51984  |x doi  |3 Volltext 
951 |a AR 
ELC |a 1 
LOK |0 000 xxxxxcx a22 zn 4500 
LOK |0 001 3815694485 
LOK |0 003 DE-627 
LOK |0 004 1741608732 
LOK |0 005 20211012135424 
LOK |0 008 201201||||||||||||||||ger||||||| 
LOK |0 040   |a DE-Tue135  |c DE-627  |d DE-Tue135 
LOK |0 092   |o n 
LOK |0 852   |a DE-Tue135 
LOK |0 852 1  |9 00 
LOK |0 935   |a ixzs  |a ixzo 
LOK |0 936ln  |0 1442049278  |a KBR 
LOK |0 936ln  |0 1442043326  |a AZ 
LOK |0 936ln  |0 1442043229  |a AG 
LOK |0 936ln  |0 1764172264  |a ZG 
LOK |0 939   |a 01-12-20  |b l01 
OAS |a 1 
ORI |a SA-MARC-ixtheoa001.raw 
REF |a Religionsgeschichte 
REL |a 1 
STA 0 0 |a Religion,Religions,Religion,Religion in literature,Spiritism,Communication with the dead,Spiritualism,Channeling 
STB 0 0 |a Religion,Religions,Religion,Spiritisme 
STC 0 0 |a Espiritismo,Religión,Religión,Religión 
STD 0 0 |a Religione,Religione,Religione,Spiritismo 
STE 0 0 |a 宗教,宗教,招魂术,通灵术 
STF 0 0 |a 宗教,宗教,招魂術,通靈術 
STG 0 0 |a Espiritismo,Religião,Religião 
STH 0 0 |a Религия (мотив),Религия,Спиритизм 
STI 0 0 |a Θρησκεία (μοτίβο),Θρησκεία,Πνευματισμός,Σπιριτισμός 
SUB |a REL 
SYE 0 0 |a La Antigua , Santa Maria,Santuario della Madonna di Pancole,Santuario di Pancole,Santa Maria e San Benedetto,Santa Maria,Santa Maria di Lugo,Santa Maria da Boca do Monte,Basilika Aquileja-Monastero,Basilica Cristiana,Basilica Cristiana 
SYG 0 0 |a Do Ó, Fernando Souza,1895-,Ó, Fernando do,1895-,Souza do Ó, Fernando,1895- , Souza, Denizard,1924-2010,Da Silva e Souza, Denizard,1924-2010 , Santa Maria,Santuario della Madonna di Pancole,Santuario di Pancole,Santa Maria e San Benedetto,Santa Maria,Santa Maria di Lugo,Santa Maria da Boca do Monte,Basilika Aquileja-Monastero,Basilica Cristiana,Basilica Cristiana , Geisterbeschwörung,Spiritualismus , Religion,Mystik,Mythologie 
TIM |a 100019450101_100019501231  |b Geschichte 1945-1950